000 00242nam a22001097a 4500
999 _c261857
_d261856
020 _a0439321611
100 _aJ.K.Rowling
245 _aQuidditch : Through The Ages
260 _aNew York
_bScholastic
_c2001
300 _a56 pgs
942 _cBK